British TV GIFs Quiz Stats

 Plays Quiz Updated Mar 5, 2016

Also try: British TV (A-Z)
Challenge
Share
Tweet
Score 0/25 Timer 05:00
3 Plays Today
% Correct
Doctor Who
95.6%
Sherlock
92%
The Office
89.8%
Downton Abbey
83.6%
Top Gear
74.3%
QI
69.1%
The IT Crowd
68.7%
Blackadder
67.4%
Monty Python's Flying Circus
62.5%
Broadchurch
62.3%
Never Mind the Buzzcocks
61.6%
The Inbetweeners
59.3%
Danger Mouse
58.4%
% Correct
Fawlty Towers
57.9%
Have I Got News For You?
55.4%
Whose Line is it Anyway?
55.3%
MasterChef
51.3%
Misfits
48.4%
Peep Show
42.5%
Black Books
42%
The Mighty Boosh
41.1%
The Thick of It
36.4%
Eastenders
34.6%
Black Mirror
29.6%
Spaced
27.3%

You're not logged in!

Compare scores with friends on all Sporcle quizzes.
Join for Free
OR
Log In

You Might Also Like...

Show Comments

Extras

Top Quizzes Today


Score Distribution

Your Account Isn't Verified!

In order to create a playlist on Sporcle, you need to verify the email address you used during registration. Go to your Sporcle Settings to finish the process.

Report this User

Report this user for behavior that violates our Community Guidelines.

Details: